| 000 | 00504nam a22001817a 4500 | ||
|---|---|---|---|
| 999 |
_c5944 _d5944 |
||
| 003 | GBCCL | ||
| 005 | 20241126110552.0 | ||
| 008 | 180418b ||||| |||| 00| 0 eng d | ||
| 040 | _cgbc | ||
| 082 |
_a252 _bTOZ |
||
| 100 |
_aTozer, A.W. _97141 |
||
| 245 |
_aI Called It Heresy: _bTwelve sermons in Peter's first epistle / _cA.W. Tozer |
||
| 250 | _aAsian ed. | ||
| 260 |
_bAlliance Publications: India, _aMaharashtra: _c1978 |
||
| 300 |
_a159 p.; _c18 cm. |
||
| 650 |
_aSermons _96067 |
||
| 942 |
_2ddc _cBK _02 |
||